[Event "Arctic Chess Challenge"]
[Site "Tromso NOR"]
[Date "2007.08.04"]
[EventDate "2007.08.04"]
[Round "1"]
[Result "1-0"]
[White "Antoaneta Stefanova"]
[Black "Paul Johan Jensen"]
[WhiteElo "2481"]
[BlackElo "1879"]
[PlyCount "69"]

1. d4 f5 2. Nc3 Nf6 3. Bg5 e6 4. e4 fxe4 5. Nxe4 Be7 6. Bd3 g6
7. Bh6 Nxe4 8. Bxe4 Bg5 9. Bxg5 Qxg5 10. h4 Qf4 11. Qd3 d5
12. Bf3 Nc6 13. Ne2 Qf6 14. h5 Nb4 15. Qb5+ Nc6 16. hxg6 hxg6
17. O-O-O a6 18. Qd3 Rxh1 19. Rxh1 Bd7 20. Rh6 Ne7 21. Qe3
O-O-O 22. Bg4 Nf5 23. Bxf5 exf5 24. Nf4 Re8 25. Qd2 Re4
26. Nxd5 Qe6 27. Rh8+ Be8 28. Nc3 Re1+ 29. Nd1 b6 30. b3 Kb7
31. Rh7 b5 32. Kb2 Re2 33. Qf4 Qc6 34. Nc3 b4 35. Nxe2 1-0

[Event "Arctic Chess Challenge"]
[Site "Tromso NOR"]
[Date "2007.08.04"]
[EventDate "?"]
[Round "5"]
[Result "0-1"]
[White "Antoaneta Stefanova"]
[Black "Gunnar Berg Hanssen"]
[WhiteElo "2520"]
[BlackElo "2489"]
[PlyCount "84"]

1. d4 Nf6 2. Bg5 e6 3. Nd2 h6 4. Bh4 c5 5. e3 cxd4 6. exd4 b6
7. Ngf3 Bb7 8. Bd3 Be7 9. Bxf6 Bxf6 10. Qe2 d6 11. O-O-O Nd7
12. h4 Qc7 13. g4 O-O-O 14. Ne4 Be7 15. g5 hxg5 16. hxg5 g6
17. Kb1 Kb8 18. Qe3 d5 19. Nc3 a6 20. Rh6 Bd6 21. Rdh1 Rhe8
22. Rh7 e5 23. Be2 exd4 24. Qxd4 Bc5 25. Qd2 Nf8 26. R7h3 Ne6
27. Bd3 Nf4 28. Rh4 d4 29. Nb5 axb5 30. Rxf4 Re3 31. fxe3 dxe3
32. Qh2 Bd6 33. Qh4 Bxf4 34. Rf1 Rxd3 35. cxd3 e2 36. Rg1 Bxf3
37. Qf2 Qc5 38. d4 Qf5+ 39. Ka1 Qe4 40. Rb1 Bd2 41. Qh2+ Kb7
42. Qd6 Qxb1+ 0-1

[Event "Arctic Chess Challenge"]
[Site "Tromso NOR"]
[Date "2007.08.04"]
[EventDate "?"]
[Round "6"]
[Result "0-1"]
[White "Srinath Narayanan"]
[Black "Antoaneta Stefanova"]
[WhiteElo "2280"]
[BlackElo "2520"]
[PlyCount "78"]

1.e4 e5 2.Nf3 Nc6 3.Bc4 Bc5 4.c3 Nf6 5.d3 Bb6 6.Bb3 d6 7.h3
O-O 8.Nbd2 Ne7 9.Nc4 Ng6 10.Nxb6 axb6 11.O-O h6 12.Re1 Nh7
13.d4 Qf6 14.Nh2 Nf4 15.Ng4 Bxg4 16.Qxg4 Nd3 17.Re2 exd4
18.cxd4 c5 19.Rd2 Nb4 20.dxc5 bxc5 21.Bd5 Qe5 22.Bxb7 Nf6
23.Qd1 Rxa2 24.Rxa2 Nxa2 25.b3 Nxc1 26.Qxc1 Rb8 27.Bd5 Nxe4
28.Rd3 Qf5 29.Qe3 Nf6 30.Qd2 Rd8 31.Qd1 h5 32.Qd2 h4 33.Qa5
Re8 34.Qd2 Nxd5 35.Rxd5 Qb1+ 36.Kh2 Re1 37.g4 Qe4 38.f3 Re2+
39.Kg1 Qxf3 0-1

[Event "Arctic Chess Challenge"]
[Site "Tromso NOR"]
[Date "2007.08.04"]
[EventDate "?"]
[Round "7"]
[Result "1-0"]
[White "Antoaneta Stefanova"]
[Black "Joanna Dworakowska"]
[WhiteElo "2520"]
[BlackElo "2441"]
[PlyCount "81"]

1. d4 d5 2. c4 e6 3. Nc3 c6 4. e3 Nf6 5. Nf3 Nbd7 6. Qc2 Bd6
7. b3 O-O 8. Bb2 Re8 9. Rd1 Qe7 10. Be2 dxc4 11. Bxc4 a6
12. O-O c5 13. Ne4 Nxe4 14. Qxe4 Nf6 15. Qh4 cxd4 16. Qxd4 Ba3
17. Bxa3 Qxa3 18. Qb6 Nd7 19. Qc7 Qe7 20. a4 Nf8 21. Qxe7 Rxe7
22. Rd8 g6 23. Be2 Rc7 24. Ne5 Kg7 25. Nc4 Ra7 26. Nb6 Bd7
27. Rd1 Bc6 28. b4 Be4 29. f3 Rc6 30. a5 Rc2 31. fxe4 Rxe2
32. Rb8 g5 33. Nc8 Ng6 34. Kh1 Ne5 35. Nxa7 Ng4 36. Rc1 Nxe3
37. Rxb7 Kg6 38. Nc6 Nxg2 39. Ne5+ Kf6 40. Ng4+ Kg7 41. Rcc7
1-0

[Event "Arctic Chess Challenge"]
[Site "Tromso NOR"]
[Date "2007.08.04"]
[EventDate "2007.??.??"]
[Round "8"]
[Result "1-0"]
[White "Bartlomiej Macieja"]
[Black "Antoaneta Stefanova"]
[WhiteElo "2653"]
[BlackElo "2520"]
[PlyCount "109"]

1. e4 e5 2. Nf3 Nc6 3. Bb5 a6 4. Ba4 Nf6 5. O-O Bc5 6. Bxc6
dxc6 7. d3 Bg4 8. h3 Bxf3 9. Qxf3 Nd7 10. Nd2 Bd6 11. Nc4 O-O
12. Qg4 Kh8 13. Be3 Qe7 14. Rae1 Rae8 15. d4 c5 16. d5 b5
17. Na5 f5 18. exf5 Qf7 19. c4 e4 20. Bf4 Nf6 21. Qh4 Bxf4
22. Qxf4 bxc4 23. Nxc4 Nxd5 24. Qg4 Qxf5 25. Qxf5 Rxf5 26. Rd1
Nf4 27. Rfe1 Kg8 28. h4 Kf8 29. Re3 Re6 30. Rde1 Rg6 31. Rg3
Rh6 32. Rg4 Nd3 33. Re2 Rhf6 34. Rgxe4 Rxf2 35. Re8+ Kf7
36. R8e7+ Kg8 37. Re8+ Kf7 38. R2e7+ Kg6 39. Rg8 Rf1+ 40. Kh2
Rf7 41. Re3 Nf2 42. Re6+ Kh5 43. Ne3 Rh1+ 44. Kg3 Nd3 45. Rd8
Nb4 46. a3 Rxh4 47. axb4 Rxb4 48. Rd5+ g5 49. Rxc5 h6 50. Rc1
a5 51. Rh1+ Rh4 52. Ng4 Rh7 53. Nf6+ Kg6 54. Nxh7+ Kf5
55. Rf6+ 1-0

[Event "Arctic Chess Challenge"]
[Site "Tromso NOR"]
[Date "2007.08.05"]
[EventDate "?"]
[Round "2"]
[Result "0-1"]
[White "Torben Soraas"]
[Black "Antoaneta Stefanova"]
[WhiteElo "2109"]
[BlackElo "2520"]
[PlyCount "58"]

1. e4 e5 2. Nf3 Nc6 3. d4 exd4 4. Bc4 Nf6 5. e5 Ng4 6. Qe2 Qe7
7. Bf4 f6 8. exf6 Qxe2+ 9. Bxe2 Nxf6 10. O-O d6 11. Bb5 Bd7
12. Re1+ Be7 13. Nbd2 a6 14. Bxc6 bxc6 15. Re2 Kf7 16. Nxd4
Nd5 17. Bg3 Bf6 18. c3 Rab8 19. Ne4 Bxd4 20. cxd4 Rb4 21. Rd1
Rhb8 22. Rdd2 Ra4 23. b3 Rxb3 24. h3 Rb1+ 25. Kh2 h6 26. Rd3
Rc1 27. Rb2 Bf5 28. f3 Ra1 29. Rdd2 Ne3 0-1

[Event "Arctic Chess Challenge"]
[Site "Tromso NOR"]
[Date "2007.08.06"]
[EventDate "2007.??.??"]
[Round "3"]
[Result "0-1"]
[White "Antoaneta Stefanova"]
[Black "Vugar Gashimov"]
[WhiteElo "2520"]
[BlackElo "2658"]
[PlyCount "108"]

1. d4 Nf6 2. Bg5 Ne4 3. Bf4 c5 4. f3 Nf6 5. d5 Nh5 6. Be3 e5
7. Qd2 d6 8. g4 Nf4 9. h4 f5 10. Bxf4 exf4 11. gxf5 Be7
12. Qxf4 Qb6 13. Qa4+ Nd7 14. Qb3 Qd8 15. h5 O-O 16. e4 Bh4+
17. Kd1 Bg5 18. Ne2 Bh6 19. Nd2 Nf6 20. a4 Qe8 21. Nc4 Nxe4
22. fxe4 Qxe4 23. Ng3 Qf4 24. Bh3 Bd7 25. Ne2 Qe4 26. Rg1 Rae8
27. Qd3 Qh4 28. Rg3 Re7 29. Nxd6 Qxh5 30. Bg4 Qh2 31. c3 Rf6
32. Nc4 Bxf5 33. Bxf5 Rxf5 34. Nd2 Qh1+ 35. Rg1 Qxd5 36. Rg3
Rd7 37. Kc2 Qxd3+ 38. Rxd3 Rxd3 39. Kxd3 Rd5+ 40. Kc4 Rxd2
41. Ng3 Rxb2 42. Kxc5 Bf4 43. Ne4 g5 44. a5 a6 45. c4 Kg7
46. Rd1 h5 47. Rd7+ Kg6 48. Rd8 h4 49. Kd5 Kf5 50. Rf8+ Kg4
51. Rh8 h3 52. Nc5 h2 53. Nd3 Rd2 54. Ke4 Re2+ 0-1

[Event "Arctic Chess Challenge"]
[Site "Tromso NOR"]
[Date "2007.08.12"]
[EventDate "2007.08.14"]
[Round "9"]
[Result "0-1"]
[White "Antoaneta Stefanova"]
[Black "Karsten Larsen"]
[WhiteElo "2520"]
[BlackElo "2580"]
[PlyCount "104"]

1. d4 c5 2. d5 d6 3. e4 g6 4. Bb5+ Nd7 5. a4 Ngf6 6. Nc3 Bg7
7. Nf3 O-O 8. O-O a6 9. Be2 b6 10. h3 Bb7 11. Bf4 Qc7 12. Nd2
Rad8 13. Re1 Rfe8 14. Bh2 e6 15. Nc4 e5 16. Rf1 Re7 17. Qd3
Rf8 18. Ra3 Ne8 19. f4 exf4 20. Bxf4 Ne5 21. Bxe5 Bxe5 22. Rb3
Bd4+ 23. Kh1 Ng7 24. Rxb6 Rd8 25. Bf3 Ne8 26. Rb1 Bg7 27. Ne2
h5 28. b4 cxb4 29. R1xb4 Ba8 30. Rxa6 Qc5 31. Rb1 Rc8 32. Nb6
Rb8 33. Rb5 Qf2 34. Nxa8 Qe1+ 35. Ng1 Be5 36. Be2 Rc8 37. Qd1
Qg3 38. Nf3 Bg7 39. Bd3 Nf6 40. e5 Ng4 41. hxg4 hxg4 42. Qe1
Qf4 43. Rb4 Qh6+ 44. Nh4 Rxe5 45. Re4 g3 46. Rxe5 Qxh4+
47. Kg1 Qh2+ 48. Kf1 Qh1+ 49. Ke2 Qxg2+ 50. Kd1 Bxe5 51. Be4
Qh2 52. Qf1 Rxc2 0-1

[Event "European Club Cup (Women)"]
[Site "Antalya TUR"]
[Date "2007.10.03"]
[EventDate "2007.10.03"]
[Round "1"]
[Result "0-1"]
[White "Elena Boric"]
[Black "Antoaneta Stefanova"]
[WhiteElo "2268"]
[BlackElo "2481"]
[PlyCount "44"]

1. e4 e5 2. Nf3 Nc6 3. Bc4 Bc5 4. c3 Nf6 5. d3 a6 6. Bb3 Ba7
7. h3 d6 8. Nbd2 h6 9. Nf1 Ne7 10. Ng3 Ng6 11. O-O O-O 12. d4
Nh7 13. Nf5 Qf6 14. g4 Ng5 15. Nxg5 hxg5 16. Be3 Nf4 17. dxe5
dxe5 18. Kh2 g6 19. Bxa7 gxf5 20. Bc5 fxg4 21. Bxf8 Qh8
22. Kg1 Qxh3 0-1

[Event "European Club Cup (Women)"]
[Site "Antalya TUR"]
[Date "2007.10.04"]
[EventDate "2007.10.03"]
[Round "2"]
[Result "1/2-1/2"]
[White "Antoaneta Stefanova"]
[Black "Elena Zaiatz"]
[WhiteElo "2481"]
[BlackElo "2392"]
[PlyCount "114"]

1. c4 e5 2. g3 Nc6 3. Bg2 g6 4. Nc3 Bg7 5. a3 Nf6 6. e3 O-O
7. Nge2 d6 8. O-O Be6 9. Nd5 Qd7 10. Nec3 Ne8 11. f4 Bh3
12. Bxh3 Qxh3 13. f5 gxf5 14. Qf3 f4 15. gxf4 Qxf3 16. Rxf3 f5
17. d3 Rf7 18. Bd2 e4 19. dxe4 Na5 20. Be1 c6 21. Nb4 Nxc4
22. exf5 d5 23. b3 Ncd6 24. Ra2 Nf6 25. Rg2 Nfe4 26. Nd3 Kh8
27. Ne5 Rxf5 28. Nxe4 Nxe4 29. Ng4 Re8 30. Nf2 d4 31. Nxe4
Rxe4 32. Bd2 dxe3 33. Bxe3 Rxe3 34. Rxe3 Bd4 35. Kf2 Rxf4+
36. Ke2 Bxe3 37. Kxe3 Rh4 38. Kd3 h5 39. Re2 Kg8 40. Re7 Rh3+
41. Kc4 b5+ 42. Kc5 Rc3+ 43. Kb4 Rc2 44. h3 a6 45. Re5 h4
46. Rh5 Kf7 47. a4 Ke6 48. Rxh4 c5+ 49. Ka5 c4 50. bxc4 bxc4
51. Kxa6 Kd5 52. Rh8 c3 53. Rc8 Kd4 54. a5 Rb2 55. h4 Kd3
56. h5 Rh2 57. Kb6 Kd4 1/2-1/2

[Event "European Club Cup (Women)"]
[Site "Kemer TUR"]
[Date "2007.10.07"]
[EventDate "2007.10.03"]
[Round "5"]
[Result "1/2-1/2"]
[White "Marlies Bensdorp"]
[Black "Antoaneta Stefanova"]
[WhiteElo "2263"]
[BlackElo "2463"]
[PlyCount "40"]

1. d4 d5 2. c4 c6 3. Nf3 Nf6 4. Nc3 Nbd7 5. Bf4 g6 6. h3 Bg7
7. e3 O-O 8. Be2 Ne8 9. O-O Nc7 10. Qd2 Re8 11. b4 Nb5 12. a4
Nxc3 13. Qxc3 f6 14. Bg3 e5 15. Rfe1 Qe7 16. Bf1 f5 17. Nxe5
Nxe5 18. Bxe5 Bxe5 19. dxe5 Qxe5 20. Qxe5 Rxe5 1/2-1/2

[Event "European Team Chess Championships (Women)"]
[Site "Crete GRE"]
[Date "2007.10.29"]
[EventDate "2007.10.28"]
[Round "2"]
[Result "1/2-1/2"]
[White "Antoaneta Stefanova"]
[Black "Elisabeth Paehtz"]
[WhiteElo "2463"]
[BlackElo "2452"]
[PlyCount "83"]

1. Nf3 Nf6 2. g3 g6 3. c4 Bg7 4. d4 O-O 5. Bg2 d6 6. O-O Nc6
7. Nc3 a6 8. Qd3 Bf5 9. e4 Bg4 10. Be3 Nd7 11. Ne1 e5 12. d5
Nd4 13. f3 Nc5 14. Qd1 Bc8 15. b4 Nd7 16. Rb1 a5 17. a3 axb4
18. axb4 f5 19. Nd3 Nb6 20. Nb2 Ra3 21. Bxd4 exd4 22. Nb5 Ra6
23. c5 dxc5 24. bxc5 Nd7 25. Rc1 fxe4 26. fxe4 Rxf1+ 27. Bxf1
Qg5 28. c6 bxc6 29. dxc6 Qe3+ 30. Kh1 Ne5 31. Nc4 Nxc4
32. Rxc4 Ra2 33. Nxd4 Qxe4+ 34. Nf3 Qe7 35. Rd4 Bxd4 36. Bc4+
Be6 37. Bxa2 Bxa2 38. Qxd4 Qf7 39. Qd8+ Kg7 40. Qd4+ Kg8
41. Qd8+ Kg7 42. Qd4+ 1/2-1/2

[Event "European Team Chess Championships (Women)"]
[Site "Crete GRE"]
[Date "2007.10.30"]
[EventDate "2007.10.28"]
[Round "3"]
[Result "1-0"]
[White "Alexandra Kosteniuk"]
[Black "Antoaneta Stefanova"]
[WhiteElo "2515"]
[BlackElo "2463"]
[PlyCount "103"]

1. e4 e5 2. Nf3 Nc6 3. Bb5 a6 4. Ba4 Nf6 5. O-O Bc5 6. c3 b5
7. Bb3 d6 8. d4 Ba7 9. a4 Bg4 10. axb5 axb5 11. Bg5 O-O
12. Bd5 Bd7 13. Ra6 Bb6 14. Rxa8 Qxa8 15. Na3 Nxd5 16. exd5
Nxd4 17. cxd4 e4 18. Nd2 Bxd4 19. Nxe4 Bxb2 20. Nc2 f5 21. Nd2
Qxd5 22. Nb4 Qf7 23. Re1 Re8 24. Rxe8+ Bxe8 25. Qc2 Bd4
26. Qd3 Ba7 27. Qf3 h6 28. Bf4 Bd4 29. Qa8 Kf8 30. Nd5 Bc5
31. Nb3 Qe6 32. Be3 Bxe3 33. Nxc7 Qe5 34. Qxe8+ Qxe8 35. Nxe8
Bxf2+ 36. Kxf2 Kxe8 37. Nd4 g6 38. Nxb5 Ke7 39. Ke3 Ke6
40. Kd4 g5 41. Nc3 h5 42. Nd5 h4 43. Nc3 Kf7 44. Kd5 Kf6
45. Ne2 f4 46. Ke4 Kg6 47. h3 Kf6 48. Nd4 d5+ 49. Kxd5 g4
50. Ke4 f3 51. Nxf3 gxf3 52. gxf3 1-0

[Event "European Team Chess Championships (Women)"]
[Site "Crete GRE"]
[Date "2007.11.01"]
[EventDate "2007.10.28"]
[Round "5"]
[Result "1-0"]
[White "Antoaneta Stefanova"]
[Black "Eva Kulovana"]
[WhiteElo "2463"]
[BlackElo "2305"]
[PlyCount "73"]

1. Nf3 d5 2. g3 Nf6 3. Bg2 c6 4. O-O e6 5. d3 Be7 6. Nbd2 O-O
7. e4 Nbd7 8. e5 Ne8 9. Re1 b6 10. h4 Qc7 11. Nf1 Bb7 12. c3
c5 13. Bf4 Rd8 14. d4 b5 15. Bg5 Nb6 16. dxc5 Qxc5 17. Nd4 a6
18. Qg4 Kh8 19. Nd2 Nc4 20. b4 Qc7 21. Bxe7 Qxe7 22. N2b3 Nc7
23. Nc5 Na8 24. a4 bxa4 25. Rxa4 Nab6 26. Ra2 Ra8 27. f4 Bc8
28. Ncb3 Qc7 29. Bf1 Bd7 30. Qf3 Bc8 31. Bd3 g6 32. h5 Kg7
33. Nc5 Re8 34. Rh2 a5 35. Qg4 axb4 36. hxg6 fxg6 37. Rxh7+
1-0

[Event "European Team Chess Championships (Women)"]
[Site "Crete GRE"]
[Date "2007.11.03"]
[EventDate "2007.10.28"]
[Round "6"]
[Result "1-0"]
[White "Antoaneta Stefanova"]
[Black "Monica Calzetta Ruiz"]
[WhiteElo "2463"]
[BlackElo "2287"]
[PlyCount "87"]

1. Nf3 Nf6 2. c4 g6 3. d4 Bg7 4. g3 O-O 5. Bg2 d6 6. O-O c6
7. Nc3 Bf5 8. Nh4 Be6 9. d5 cxd5 10. cxd5 Bd7 11. Be3 Na6
12. h3 Qa5 13. a3 Rfc8 14. Bd4 Qd8 15. e4 Rc4 16. Nf3 Rac8
17. e5 Ne8 18. Re1 Nc5 19. exd6 Bxd4 20. Nxd4 Nxd6 21. Bf1
Rxd4 22. Qxd4 Nb3 23. Qxa7 Nxa1 24. Rxa1 b6 25. Qa6 b5 26. Qa7
Nc4 27. Qd4 Nxb2 28. Nxb5 Rc2 29. Rb1 Bxb5 30. Bxb5 e5
31. Qxe5 Qb6 32. Be2 Qxf2+ 33. Kxf2 Nd3+ 34. Ke3 Nxe5 35. Rb8+
Kg7 36. d6 Kf6 37. Re8 Ra2 38. Bb5 Rxa3+ 39. Kd4 Nf3+ 40. Kc4
Ne5+ 41. Kd4 Nf3+ 42. Kd5 Ng5 43. d7 Ne6 44. Kd6 1-0

[Event "European Team Chess Championships (Women)"]
[Site "Crete GRE"]
[Date "2007.11.04"]
[EventDate "2007.10.28"]
[Round "7"]
[Result "1-0"]
[White "Elina Danielian"]
[Black "Antoaneta Stefanova"]
[WhiteElo "2458"]
[BlackElo "2463"]
[PlyCount "65"]

1. d4 d5 2. Nf3 c6 3. Bf4 Qb6 4. Qc1 Nf6 5. e3 Nh5 6. Be5 f6
7. Bxb8 Rxb8 8. c4 Be6 9. cxd5 Bxd5 10. Be2 g6 11. Nc3 Bh6
12. g4 Bxf3 13. Bxf3 Ng7 14. h4 O-O 15. Be2 Rbd8 16. Qc2 e5
17. g5 exd4 18. gxh6 Nf5 19. O-O-O dxc3 20. Qxc3 Kh8 21. h5 g5
22. Rhg1 Rd5 23. Kb1 Rc5 24. Qd3 Nxh6 25. Qd6 Rf7 26. Qe6 Qc7
27. Qe8+ Kg7 28. Rd8 Nf5 29. f4 Qe7 30. Qg8+ Kh6 31. Re8 Rg7
32. fxg5+ fxg5 33. Qe6+ 1-0

[Event "European Team Chess Championships (Women)"]
[Site "Crete GRE"]
[Date "2007.11.05"]
[EventDate "2007.10.28"]
[Round "8"]
[Result "1/2-1/2"]
[White "Antoaneta Stefanova"]
[Black "Anna Muzychuk"]
[WhiteElo "2463"]
[BlackElo "2469"]
[PlyCount "34"]

1. Nf3 c5 2. c4 Nc6 3. Nc3 e5 4. e3 Nf6 5. d4 cxd4 6. exd4 e4
7. Ng5 Bb4 8. d5 Bxc3+ 9. bxc3 Na5 10. f3 O-O 11. Be2 d6
12. Nxe4 Nxe4 13. fxe4 Qh4+ 14. g3 Qxe4 15. O-O Bf5 16. Rf4
Qe5 17. Bf1 Rfe8 1/2-1/2

[Event "European Team Chess Championships (Women)"]
[Site "Crete GRE"]
[Date "2007.11.06"]
[EventDate "2007.10.28"]
[Round "9"]
[Result "1/2-1/2"]
[White "Antoaneta Stefanova"]
[Black "Almira Skripchenko"]
[WhiteElo "2463"]
[BlackElo "2438"]
[PlyCount "74"]

1. d4 d6 2. e4 Nf6 3. Nc3 g6 4. f4 Bg7 5. Nf3 O-O 6. Bd3 Nc6
7. e5 dxe5 8. dxe5 Nd5 9. Nxd5 Qxd5 10. Qe2 Bf5 11. Bxf5 gxf5
12. Be3 Rad8 13. O-O h6 14. a3 a6 15. b3 Qe4 16. Rae1 Rd7
17. Qf2 Rfd8 18. Nh4 e6 19. Bb6 Qd5 20. c4 Qd2 21. Qxd2 Rxd2
22. Bxc7 R8d3 23. Rb1 Bf8 24. Nf3 Re2 25. Bb6 Bxa3 26. Rf2
Rxf2 27. Kxf2 a5 28. Be3 Bb4 29. Ke2 Rc3 30. Ne1 a4 31. bxa4
Rxc4 32. Nd3 Bf8 33. Rxb7 Rxa4 34. h3 Ra2+ 35. Rb2 Rxb2+
36. Nxb2 f6 37. exf6 Kf7 1/2-1/2

[Event "Gibraltar Chess Festival"]
[Site "Gibraltar ENG"]
[Date "2008.01.23"]
[EventDate "2008.01.22"]
[Round "2"]
[Result "1-0"]
[White "Antoaneta Stefanova"]
[Black "Mikhail Gurevich"]
[WhiteElo "2464"]
[BlackElo "2607"]
[PlyCount "61"]

1. d4 f5 2. g3 Nf6 3. Nh3 g6 4. Nf4 Bg7 5. Bg2 O-O 6. h4 Nc6
7. h5 g5 8. h6 Bh8 9. Nd3 Nxd4 10. Bxg5 Ne6 11. Bh4 d5 12. Nd2
c6 13. c4 Ne4 14. cxd5 cxd5 15. Nf3 Qd6 16. Qb3 Bd7 17. Nf4
Bc6 18. Nxe6 Qxe6 19. Rd1 a5 20. Nd4 Qf7 21. g4 Bxd4 22. Rxd4
e5 23. gxf5 exd4 24. Bxe4 Rae8 25. Qg3+ Kh8 26. Bd3 b5 27. Qf4
Qa7 28. Qd6 Qf7 29. Rg1 b4 30. Rg7 Qh5 31. Rg8+ 1-0

[Event "Gibraltar Chess Festival"]
[Site "Gibraltar ENG"]
[Date "2008.01.26"]
[EventDate "2008.01.22"]
[Round "5"]
[Result "1/2-1/2"]
[White "Alexander Beliavsky"]
[Black "Antoaneta Stefanova"]
[WhiteElo "2638"]
[BlackElo "2464"]
[PlyCount "83"]

1. d4 d5 2. c4 c6 3. Nf3 Nf6 4. Nc3 a6 5. a4 e6 6. Bg5 a5
7. e3 Be7 8. Be2 b6 9. O-O Bb7 10. cxd5 exd5 11. Bd3 Na6
12. Rc1 Nb4 13. Bb1 O-O 14. Ne5 c5 15. Bxf6 Bxf6 16. f4 g6
17. Qf3 Qe7 18. Rcd1 Rae8 19. Rf2 Bg7 20. h3 Rd8 21. Ng4 cxd4
22. exd4 Nc6 23. Ne5 Nxe5 24. dxe5 d4 25. Ne4 Kh8 26. Qb3 f6
27. exf6 Bxf6 28. Nxf6 Rxf6 29. Qd3 Qd6 30. f5 Qd5 31. Qb5
gxf5 32. Qxd5 Rxd5 33. Rf4 Rfd6 34. Bxf5 d3 35. Rd2 Rf6 36. g4
Bc8 37. Rf3 Bxf5 38. gxf5 Rfxf5 39. Rxf5 Rxf5 40. Rxd3 Rf4
41. Rb3 Rxa4 42. Rxb6 1/2-1/2

[Event "Gibraltar Chess Festival"]
[Site "Gibraltar ENG"]
[Date "2008.01.28"]
[EventDate "2008.01.22"]
[Round "7"]
[Result "1-0"]
[White "Viktor Bologan"]
[Black "Antoaneta Stefanova"]
[WhiteElo "2663"]
[BlackElo "2464"]
[PlyCount "143"]

1. e4 e5 2. Nf3 Nc6 3. Bb5 a6 4. Ba4 Nf6 5. O-O Bc5 6. c3 b5
7. Bb3 d6 8. d4 Ba7 9. h3 O-O 10. Bg5 Bb7 11. Qd3 h6 12. Bh4
exd4 13. cxd4 g5 14. Nxg5 hxg5 15. Bxg5 Nxd4 16. Nc3 Kg7
17. Rae1 Ne6 18. Bh4 Nf4 19. Qg3+ Ng6 20. Nd5 Bxd5 21. exd5
Bd4 22. Bg5 b4 23. h4 Rh8 24. Bc2 Qd7 25. Re6 Nxd5 26. Rxg6+
fxg6 27. Qd3 Bxb2 28. Qxd5 Qf7 29. Qe4 Bf6 30. Bb3 Qf8 31. Rc1
Rc8 32. Be6 Qe7 33. Bxf6+ Qxf6 34. Bxc8 Rxc8 35. Qxb4 Kh8
36. Rxc7 Qa1+ 37. Kh2 Rxc7 38. Qb8+ Kg7 39. Qxc7+ Kh6 40. Qf7
Qe5+ 41. Kh3 Qe1 42. Qg8 Qh1+ 43. Kg3 Qa1 44. Qc4 Kh7 45. Qf7+
Kh6 46. Qf8+ Kh7 47. Qe7+ Kh6 48. Qg5+ Kh7 49. h5 gxh5
50. Qxh5+ Kg7 51. Qd5 Qc3+ 52. f3 Qe1+ 53. Kg4 Qb4+ 54. f4 a5
55. Kf5 a4 56. Kg5 Qb2 57. g3 Qb6 58. Qe6 Qd8+ 59. Kh5 d5
60. Qg6+ Kf8 61. Qf5+ Ke8 62. Qe6+ Kf8 63. Kg6 Qc7 64. Qf5+
Ke8 65. Qxd5 Qc2+ 66. Kg5 Qf2 67. g4 Ke7 68. Qe5+ Kf7 69. Qc7+
Ke8 70. Kf6 Qh4+ 71. g5 Qh8+ 72. Qg7 1-0

[Event "Gibraltar Chess Festival"]
[Site "Gibraltar ENG"]
[Date "2008.01.30"]
[EventDate "2008.01.22"]
[Round "9.12"]
[Result "0-1"]
[White "Antoaneta Stefanova"]
[Black "Leonid Kritz"]
[WhiteElo "2464"]
[BlackElo "2592"]
[PlyCount "110"]

1. d4 Nf6 2. c4 e6 3. g3 c5 4. d5 exd5 5. cxd5 d6 6. Bg2 g6
7. Nf3 Bg7 8. O-O O-O 9. Nc3 Na6 10. Bf4 Nc7 11. a4 Bg4
12. Nd2 Nh5 13. Be3 Qd7 14. Nc4 Bh3 15. Bxh3 Qxh3 16. Nxd6
Bxc3 17. bxc3 Nf6 18. f3 Ncxd5 19. Bxc5 b6 20. c4 Nf4 21. gxf4
bxc5 22. Ra2 Rad8 23. Rd2 Rd7 24. Rd3 Rfd8 25. Qd2 Nh5 26. Rd1
Qh4 27. e3 Qh3 28. Qe2 Qe6 29. f5 gxf5 30. Qg2+ Ng7 31. Qg3 f4
32. Qxf4 Ne8 33. Nxe8 Qg6+ 34. Kf2 Rxd3 35. Rxd3 Rxd3 36. Qe5
Rd1 37. Nf6+ Kf8 38. Qxc5+ Kg7 39. Ng4 h5 40. Qe5+ f6 41. Qc7+
Qf7 42. Nxf6 Kxf6 43. Qf4+ Kg6 44. Qe4+ Qf5 45. Qe8+ Kg7
46. Qe7+ Kh6 47. e4 Rd7 48. Qe8 Qc5+ 49. Kg2 Qd6 50. Kh3 Rg7
51. Qh8+ Rh7 52. Qc3 Rg7 53. Qe3+ Kh7 54. e5 Qe6+ 55. Kh4 Rg4+
0-1

[Event "Gibraltar Chess Festival"]
[Site "Gibraltar ENG"]
[Date "2008.01.31"]
[EventDate "2008.01.22"]
[Round "10.25"]
[Result "0-1"]
[White "Jovanka Houska"]
[Black "Antoaneta Stefanova"]
[WhiteElo "2393"]
[BlackElo "2464"]
[PlyCount "64"]

1. d4 d5 2. c4 c6 3. Nf3 Nf6 4. e3 g6 5. Nc3 Bg7 6. cxd5 Nxd5
7. Be2 O-O 8. O-O c5 9. Qb3 Nxc3 10. bxc3 Qc7 11. Ba3 Nd7
12. Ng5 e6 13. Bf3 Rb8 14. Rab1 b6 15. Qa4 a6 16. Qc6 Qd8
17. Ne4 Bb7 18. Qd6 Bd5 19. Rb2 Qc8 20. Qg3 Qc6 21. Qh4 Qa4
22. Ng5 h6 23. Nxf7 Rxf7 24. e4 Qxa3 25. exd5 Qxb2 26. dxe6
Rxf3 27. gxf3 Nf6 28. Qg3 Re8 29. d5 Qxc3 30. Qxg6 Qxf3
31. Qf7+ Kh7 32. d6 Qg4+ 0-1

[Event "Reykjavik Open"]
[Site "Reykjavik ISL"]
[Date "2008.03.03"]
[EventDate "2008.03.03"]
[Round "1"]
[Result "0-1"]
[White "Simona Limontaite"]
[Black "Antoaneta Stefanova"]
[WhiteElo "2152"]
[BlackElo "2464"]
[PlyCount "58"]

1. d4 d5 2. c4 c6 3. Nc3 dxc4 4. e4 b5 5. a4 e5 6. dxe5 Qxd1+
7. Nxd1 Na6 8. Nf3 Nb4 9. Ne3 Bc5 10. Bd2 Ne7 11. b3 a5
12. Rb1 cxb3 13. Rxb3 Bxe3 14. fxe3 bxa4 15. Rb1 a3 16. Kf2 a2
17. Ra1 O-O 18. Bc4 Be6 19. Rhc1 Bxc4 20. Rxc4 c5 21. Ke2 Rac8
22. Ne1 Rc6 23. Nd3 Rd8 24. Nc1 Rh6 25. h3 Rg6 26. g4 Rh6
27. Rxc5 Rxh3 28. Be1 Rh1 29. Nxa2 Rh2+ 0-1

[Event "Reykjavik Open"]
[Site "Reykjavik ISL"]
[Date "2008.03.07"]
[EventDate "2008.03.03"]
[Round "5"]
[Result "1-0"]
[White "Antoaneta Stefanova"]
[Black "Ellen Hagesaether"]
[WhiteElo "2464"]
[BlackElo "2234"]
[PlyCount "63"]

1. d4 Nf6 2. Bg5 e6 3. e3 c5 4. Nf3 h6 5. Bh4 cxd4 6. exd4 Be7
7. Nbd2 b6 8. Bd3 Bb7 9. c3 d6 10. Qe2 Qc7 11. a4 O-O 12. O-O
Nh5 13. Qe3 Bxh4 14. Nxh4 Qd8 15. g3 Nd7 16. f4 g5 17. Ng2 Ng7
18. Ne4 Bxe4 19. Bxe4 Rc8 20. Rae1 f5 21. Bd3 Nf6 22. fxg5 Ng4
23. Qf3 hxg5 24. h3 Nf6 25. g4 fxg4 26. hxg4 Qd7 27. Qh3 e5
28. Qh6 e4 29. Ba6 Nxg4 30. Bxc8 Rxc8 31. Qxg5 d5 32. Rf4 1-0

[Event "Reykjavik Open"]
[Site "Reykjavik ISL"]
[Date "2008.03.08"]
[EventDate "2008.03.03"]
[Round "6"]
[Result "0-1"]
[White "Arni H Kristjansson"]
[Black "Antoaneta Stefanova"]
[WhiteElo "2019"]
[BlackElo "2464"]
[PlyCount "188"]

1. d4 d5 2. c4 c6 3. e3 Nf6 4. Nc3 g6 5. Nf3 Bg7 6. Be2 O-O
7. O-O a6 8. cxd5 cxd5 9. a4 Nc6 10. b3 Ne4 11. Bb2 Bf5
12. Rc1 Rc8 13. Nxe4 Bxe4 14. Ba3 Qb6 15. Bc5 Qd8 16. Nd2 Bf5
17. b4 Nb8 18. b5 Re8 19. Nf3 axb5 20. axb5 Nd7 21. Bb4 Bf8
22. Qb3 Nf6 23. Ne5 Rxc1 24. Rxc1 Qb8 25. h3 Rc8 26. Rxc8 Qxc8
27. Qc3 Qxc3 28. Bxc3 Bc8 29. Bb4 e6 30. Bxf8 Kxf8 31. h4 Ne4
32. b6 Nc3 33. Kf1 Na4 34. Ke1 Nxb6 35. Kd2 f6 36. Nd3 Nc4+
37. Kc3 Nd6 38. Kb4 Ke7 39. Kc5 Kd7 40. Kb6 Nc4+ 41. Kc5 b6+
42. Kb5 Kc7 43. g4 Nd6+ 44. Kb4 Ne4 45. f3 Ng3 46. Bd1 f5
47. Ne5 Nf1 48. Be2 Nxe3 49. h5 gxh5 50. gxh5 Bd7 51. h6 Be8
52. f4 Ng2 53. Nd3 Kd6 54. Bf3 Nh4 55. Be2 Ke7 56. Bf1 Kf6
57. Nf2 Kg6 58. Nh3 Nf3 59. Kc3 Kxh6 60. Be2 Nh4 61. Ng5 Bd7
62. Nf7+ Kg7 63. Ne5 Be8 64. Kd2 Ng2 65. Nd3 Bb5 66. Bf3 Bxd3
67. Bxg2 Bc4 68. Bf3 Kg6 69. Kc3 Bf1 70. Kd2 b5 71. Ke1 Bc4
72. Kd2 b4 73. Kc2 h5 74. Bg2 h4 75. Kb2 Be2 76. Kb3 Kh5
77. Bh3 Bg4 78. Bf1 h3 79. Kxb4 h2 80. Bg2 Kh4 81. Kc5 Kg3
82. Bh1 Bf3 83. Bxf3 Kxf3 84. Kd6 h1=Q 85. Ke5 Qe1+ 86. Kf6
Kxf4 87. Kg6 e5 88. dxe5 Kxe5 89. Kf7 f4 90. Kg6 f3 91. Kg5 f2
92. Kg6 f1=Q 93. Kg5 Qg2+ 94. Kh5 Qeh1+ 0-1